Focus (Record no. 83940)

MARC details
000 -LEADER
fixed length control field 01173cab a22002655a 4500
001 - CONTROL NUMBER
control field L155994
008 - FIXED-LENGTH DATA ELEMENTS--GENERAL INFORMATION
fixed length control field 120424e20120421xxk 000 0 eng d
035 ## - SYSTEM CONTROL NUMBER
System control number (Sirsi) u155994
041 0# - LANGUAGE CODE
Language code of text/sound track or separate title eng
100 1# - MAIN ENTRY--PERSONAL NAME
Personal name Pilkington, Lisa
245 00 - TITLE STATEMENT
Title Focus
Remainder of title East Midlands
490 ## - SERIES STATEMENT
Series statement Estates Gazette
Volume/sequential designation (1216) 21 April 2012, 63-81(15)
520 ## - SUMMARY, ETC.
Summary, etc. Profiles MIRA vehicle testing facility at Hinckley near Nuneaton which is being transformed into an enterprise zone. Reviews the Derby office market including the Friar Gate Square office development. Asseses the effect the Nottingham workplace park levey will have on the Nottingham commercial property market. Reviews retail and industrial market developments in Nottingham, Derby, Leicester and Lincoln. Market health check on take up, availability and rents in Leicester, Nottingham, Northampton, Derby and Lincoln.
590 ## - LOCAL NOTE (RLIN)
Local note KA
651 #4 - SUBJECT ADDED ENTRY--GEOGRAPHIC NAME
Geographic name WARKSHIRE
651 #4 - SUBJECT ADDED ENTRY--GEOGRAPHIC NAME
Geographic name DERBYSHIRE
651 #4 - SUBJECT ADDED ENTRY--GEOGRAPHIC NAME
Geographic name NOTTINGHAMSHIRE
651 #4 - SUBJECT ADDED ENTRY--GEOGRAPHIC NAME
Geographic name LINCOLNSHIRE
651 #4 - SUBJECT ADDED ENTRY--GEOGRAPHIC NAME
Geographic name NORTHAMPTONSHIRE
690 ## - LOCAL SUBJECT ADDED ENTRY--TOPICAL TERM (OCLC, RLIN)
Topical term or geographic name as entry element Commercial property
9 (RLIN) 6227
700 1# - ADDED ENTRY--PERSONAL NAME
Personal name Thame, David
700 1# - ADDED ENTRY--PERSONAL NAME
Personal name Faithfull, Mark
700 1# - ADDED ENTRY--PERSONAL NAME
Personal name Morrison, Adrian
942 ## - ADDED ENTRY ELEMENTS (KOHA)
Suppress in OPAC 0
Holdings
Withdrawn status Lost status Source of classification or shelving scheme Damaged status Not for loan Home library Current library Shelving location Date acquired Total Checkouts Full call number Barcode Date last seen Copy number Price effective from Koha item type
    Dewey Decimal Classification     London London Journal article 24/04/2012   L155994 155994-1001 06/08/2019 1 06/08/2019 Journal article